[Event "SW Nürnberg Süd e.V. 2-Schachzentrum Für"]
[Site "?"]
[Date "2012.10.21"]
[Round "2.3"]
[White "Hepting, Heinrich"]
[Black "Bolten, Daniel"]
[Result "0-1"]
[WhiteElo "2140"]
[BlackElo "1977"]
[PlyCount "82"]
[EventDate "2012.??.??"]
[WhiteTeam "Schachzentrum Fürth 2002 1"]
[BlackTeam "SW Nürnberg Süd e.V. 2"]

1. Nf3 Nf6 2. g3 b6 3. Bg2 Bb7 4. O-O e6 5. d3 Be7 6. e4 d6 7. Ne1 d5 8. e5
Nfd7 9. Qe2 Qc8 10. Nf3 c5 11. c4 d4 12. Bf4 h6 13. h4 Nc6 14. h5 Nf8 15. Re1
Qc7 16. Na3 a6 17. Nc2 g5 18. Bd2 Nd7 19. b4 Bf8 20. b5 axb5 21. cxb5 Ne7 22.
a4 Nd5 23. Nh2 Ne7 24. Ng4 Bxg2 25. Kxg2 Qb7+ 26. Kg1 Nf5 27. Qd1 Bg7 28. Na3
Qd5 29. Nc4 Rb8 30. Re4 O-O 31. Qe2 Kh8 32. f4 gxf4 33. Bxf4 Rg8 34. Nf2 Ne3
35. Nxe3 dxe3 36. Qxe3 f5 37. exf6 Nxf6 38. Re5 Qb3 39. Bxh6 Qb2 40. Bxg7+ Rxg7
41. Qh6+ Nh7 0-1

[Event "SW Nürnberg Süd e.V. 2-Schachzentrum Fürth 2002 1"]
[Site "?"]
[Date "2012.10.21"]
[Round "2.4"]
[Board "4"]
[White "Just, Hannes"]
[Black "Schatz, Werner"]
[Result "1-0"]
[WhiteElo "2047"]
[BlackElo "1917"]
[WhiteTeam "SW Nürnberg Süd e.V. 2"]
[BlackTeam "Schachzentrum Fürth 2002 1"]

1. d4 d5 2. c4 c6 3. Nc3 Nf6 4. Nf3 a6 5. Ne5 Bf5 6. Bg5 h6 7. Bh4 Qa5 8. Qb3
Ra7 9. Bg3 Be6 10. cxd5 Bxd5 11. Qc2 Nbd7 12. Nxd7 Nxd7 13. e4 Be6 14. Be2 Nf6
15. O-O Bd7 16. d5 g6 17. dxc6 bxc6 18. b4 Qd8 19. Rad1 e6 20. Be5 Be7 21. a3
O-O 22. Qd2 Kg7 23. Bd4 c5 24. bxc5 Bc6 25. Qf4 Rd7 26. Be3 Ng8 27. Rxd7 Qxd7
28. Rd1 Qb7 29. Bd4+ Bf6 30. Rb1 Qa7 31. Qd6 Rc8 32. Rb6 Bxd4 33. Qxd4+ Nf6 34.
Rxa6 Qb8 35. Bf1 Rd8 36. Qe3 Bb7 37. Rd6 Rc8 38. Qd4 Qa8 39. e5 {ZÜ} 1-0

[Event "SW Nürnberg Süd e.V. 2-Schachzentrum Für"]
[Site "?"]
[Date "2012.10.21"]
[Round "2.5"]
[White "Shlosberg, Mikhail"]
[Black "Konsek, Peter"]
[Result "1-0"]
[WhiteElo "1794"]
[BlackElo "1938"]
[Annotator "Galaxy,Super"]
[PlyCount "101"]
[EventDate "2012.??.??"]
[WhiteTeam "Schachzentrum Fürth 2002 1"]
[BlackTeam "SW Nürnberg Süd e.V. 2"]

1. e4 e5 2. Nf3 Nc6 3. Nc3 Nf6 4. Bb5 Bd6 5. d3 h6 6. a3 O-O 7. O-O Re8 8. Be3
Bf8 9. Bc4 d6 10. h3 Be6 11. Nd5 Bxd5 12. Bxd5 Nxd5 13. exd5 Ne7 14. c4 g6 15.
Nd2 Bg7 16. Rb1 Qd7 17. f4 Nf5 18. Qf3 exf4 19. Bxf4 Nd4 20. Qd1 Ne2+ 21. Kh1
Qf5 22. Bxd6 Qxd3 23. Bxc7 Rac8 24. Bh2 Re3 25. Rf3 Rxf3 26. Nxf3 Qxc4 27. d6
Qe6 28. Qd2 Qf5 29. Rd1 Rc2 30. Qd3 Bf6 31. d7 Nd4 32. Nxd4 Qxd7 33. Qb3 Rc8
34. Nf3 Qf5 35. Qxb7 Qc2 36. Rf1 Qc4 37. Nd2 Qc6 38. Qb3 Kg7 39. Nf3 Re8 40.
Qb4 Re2 41. Re1 Rxb2 42. Qe4 Qxe4 43. Rxe4 Rb1+ 44. Bg1 Ra1 45. a4 Bd8 46. Rc4
a6 47. Kh2 Bf6 48. Bd4 Bxd4 49. Nxd4 h5 50. Nc6 Rb1 51. Nb4 1-0

[Event "SW Nürnberg Süd e.V. 2-Schachzentrum Für"]
[Site "?"]
[Date "2012.10.21"]
[Round "2.6"]
[White "Werner, Thomas"]
[Black "Tesch, Wladimir"]
[Result "1-0"]
[WhiteElo "1941"]
[BlackElo "1692"]
[PlyCount "85"]
[EventDate "2012.??.??"]
[WhiteTeam "SW Nürnberg Süd e.V. 2"]
[BlackTeam "Schachzentrum Fürth 2002 1"]

1. d4 d5 2. c4 e6 3. Nc3 Nf6 4. cxd5 Nxd5 5. e4 Nxc3 6. bxc3 c5 7. Nf3 a6 8. a4
cxd4 9. cxd4 Bb4+ 10. Bd2 Qa5 11. Bxb4 Qxb4+ 12. Qd2 Qxd2+ 13. Kxd2 O-O 14. Bc4
Rd8 15. Ke3 h6 16. Rhd1 Nd7 17. d5 Nf8 18. d6 Nd7 19. e5 Nc5 20. Nd4 Bd7 21. a5
Rab8 22. Rab1 Na4 23. Rdc1 Rdc8 24. f4 g6 25. Rc2 Kf8 26. Rbc1 Ke8 27. Be2 Rxc2
28. Rxc2 Rc8 29. Rxc8+ Bxc8 30. Nb3 b5 31. axb6 Nxb6 32. Bf3 Bd7 33. Kd4 Bb5
34. Na5 Kd7 35. g3 Na4 36. Be4 g5 37. f5 Nb6 38. Nb7 Na4 39. Nc5+ Kd8 40. fxe6
Nxc5 41. e7+ Kd7 42. Kxc5 Ke8 43. Bc6+ 1-0

[Event "SW Nürnberg Süd e.V. 2-Schachzentrum Für"]
[Site "?"]
[Date "2012.10.21"]
[Round "2.7"]
[White "Borodulin, Vladimir"]
[Black "Klein, Waldemar"]
[Result "1/2-1/2"]
[WhiteElo "1650"]
[BlackElo "1927"]
[PlyCount "61"]
[EventDate "2012.??.??"]
[WhiteTeam "Schachzentrum Fürth 2002 1"]
[BlackTeam "SW Nürnberg Süd e.V. 2"]

1. e4 d5 2. exd5 Qxd5 3. Nc3 Qa5 4. g3 c6 5. d3 Nf6 6. Bd2 Bg4 7. Be2 Bxe2 8.
Qxe2 e6 9. Ne4 Qc7 10. Nxf6+ gxf6 11. Nf3 Nd7 12. Bc3 Rg8 13. Qe4 f5 14. Qh4 h6
15. O-O Rg6 16. Rfe1 Be7 17. Qh3 O-O-O 18. Ne5 Nxe5 19. Bxe5 Bd6 20. Bxd6 Qxd6
21. Qh4 f4 22. Re4 fxg3 23. hxg3 f5 24. Rf4 Qe5 25. Rb4 a5 26. Rxb7 Kxb7 27.
Qxd8 f4 28. Qd7+ Kb6 29. Qd8+ Kb7 30. Qd7+ Kb6 31. Qd8+ 1/2-1/2

[Event "SW Nürnberg Süd e.V. 2-Schachzentrum Für"]
[Site "?"]
[Date "2012.10.21"]
[Round "2.8"]
[White "Diehl, Achim"]
[Black "Akopdjanian, Martin"]
[Result "1-0"]
[WhiteElo "1987"]
[BlackElo "1625"]
[PlyCount "197"]
[EventDate "2012.??.??"]
[WhiteTeam "SW Nürnberg Süd e.V. 2"]
[BlackTeam "Schachzentrum Fürth 2002 1"]

1. e4 c5 2. Nf3 Nc6 3. d4 cxd4 4. Nxd4 Nf6 5. Nc3 e6 6. Ndb5 Bb4 7. a3 Bxc3+ 8.
Nxc3 d5 9. Bd3 dxe4 10. Nxe4 Nxe4 11. Bxe4 Qxd1+ 12. Kxd1 O-O 13. c3 e5 14. Be3
Be6 15. b4 a6 16. Bb6 f5 17. Bd3 Bb3+ 18. Kc1 e4 19. Be2 Ne5 20. a4 Bc4 21. Bd1
Rac8 22. Bc2 Bd3 23. Bd4 Bxc2 24. Kxc2 Nd3 25. Kb3 Rfe8 26. g3 Kf7 27. h4 g6
28. Rad1 Ne5 29. Bb6 Re6 30. a5 Nd3 31. Rhf1 Ne5 32. Rd5 Nf3 33. Rfd1 Ne5 34.
Rd6 Nd3 35. Rd7+ Re7 36. Rxe7+ Kxe7 37. c4 Ke6 38. f4 Re8 39. Kc3 Ke7 40. Be3
Ke6 41. Rb1 Rb8 42. b5 axb5 43. cxb5 Kd5 44. Kd2 Ra8 45. Bb6 Nc5 46. Rb4 Rc8
47. Ke3 Ne6 48. a6 Rc3+ 49. Kd2 Rd3+ 50. Ke2 bxa6 51. bxa6 Ra3 52. a7 Nc5 53.
Bxc5 Kxc5 54. Rb7 Ra2+ 55. Ke3 Ra3+ 56. Kf2 Ra2+ 57. Ke3 Ra3+ 58. Kd2 e3+ 59.
Ke2 Kd4 60. Kf3 Kd5 61. Rxh7 Ke6 62. Rc7 Kf6 63. Rc6+ Kf7 64. h5 gxh5 65. Rh6
Kg7 66. Rxh5 Kg6 67. Rh8 Rxa7 68. Kxe3 Ra4 69. Kf3 Ra2 70. Re8 Rb2 71. Re3 Ra2
72. Rb3 Ra6 73. g4 fxg4+ 74. Kxg4 Rc6 75. Ra3 Rc1 76. Ra6+ Kg7 77. Kg5 Rg1+ 78.
Kf5 Rc1 79. Ra7+ Kg8 80. Kf6 Rb1 81. Ra8+ Kh7 82. Re8 Rb4 83. f5 Rb1 84. Kf7
Rb7+ 85. Re7 Rb1 86. Kf6+ Kh6 87. Kf7 Kg5 88. f6 Kh6 89. Re2 Rb7+ 90. Kg8 Rb8+
91. Kf7 Rb7+ 92. Ke6 Rb6+ 93. Kf5 Kh7 94. Rh2+ Kg8 95. Kg6 Ra6 96. Rb2 Ra8 97.
Rb7 Rd8 98. Rg7+ Kf8 99. Rh7 1-0

[Event "SF FÃ¼rth 1951 e.V. 1-SK NÃ¼rnberg 1911 e.V. 1"]
[Site "?"]
[Date "2012.10.21"]
[Round "2.1"]
[Board "1"]
[White "Fuchs, Gerhard"]
[Black "Wittmann, Karl"]
[Result "1-0"]
[WhiteElo "2073"]
[BlackElo "2025"]
[WhiteTeam "SK NÃ¼rnberg 1911 e.V. 1"]
[BlackTeam "SF FÃ¼rth 1951 e.V. 1"]

1.e4 e5 2.Nf3 Nc6 3.d4 exd4 4.c3 d5 5.exd5 Qxd5 6.cxd4 Bg4 7.Be2 O-O-O
8.Nc3 Bb4 9.O-O Bxc3 10.bxc3 Bxf3 11.Bxf3 Qb5 12.Qb3 Qxb3 13.axb3 Nge7
14.Ba3 a6 15.Rfe1 Rhe8 16.d5 1-0

[Event "SF FÃ¼rth 1951 e.V. 1-SK NÃ¼rnberg 1911 e.V. 1"]
[Site "?"]
[Date "2012.10.21"]
[Round "2.3"]
[Board "3"]
[White "Walter, Markus, Dr."]
[Black "SchÃ¶ller, Wolfgang"]
[Result "0-1"]
[WhiteElo "1946"]
[BlackElo "1999"]
[WhiteTeam "SK NÃ¼rnberg 1911 e.V. 1"]
[BlackTeam "SF FÃ¼rth 1951 e.V. 1"]

1.e4 c5 2.Nf3 Nf6 3.e5 Nd5 4.c3 d6 5.Bb5+ Bd7 6.Bxd7+ Qxd7 7.O-O Nc6 8.d4
cxd4 9.exd6 Qxd6 10.Nxd4 e6 11.Nb5 Qb8 12.c4 Nf6 13.Bg5 Be7 14.Nd2 a6 15.Nc3
O-O 16.Nde4 Nxe4 17.Nxe4 Bxg5 18.Nxg5 Qe5 19.Qc1 Nd4 20.Kh1 Rfd8 21.f4 Qf5
22.Qc3 e5 23.Nh3 e4 24.Rae1 Nc6 25.Qe3 Rd4 26.Nf2 Rxc4 27.Nxe4 Rc2 28.Qb3 Nd4
29.Qxb7 Rd8 30.Nd6 Qg6 31.Qd5 h6 32.f5 Qxd6 0-1

[Event "SF FÃ¼rth 1951 e.V. 1-SK NÃ¼rnberg 1911 e.V. 1"]
[Site "?"]
[Date "2012.10.21"]
[Round "2.4"]
[Board "4"]
[White "Thiele, Heinz"]
[Black "Pannek, Matthias"]
[Result "1/2-1/2"]
[WhiteElo "1990"]
[BlackElo "1957"]
[WhiteTeam "SF FÃ¼rth 1951 e.V. 1"]
[BlackTeam "SK NÃ¼rnberg 1911 e.V. 1"]

1.Nf3 Nf6 2.c4 e6 3.Nc3 d5 4.d4 c6 5.Bg5 Be7 6.e3 O-O 7.Qc2 Nbd7 8.cxd5 exd5
9.Bd3 h6 10.Bh4 Re8 11.O-O Ne4 12.Bxe7 Qxe7 13.Rab1 Ndf6 14.b4 Nxc3 15.Qxc3
Ne4 16.Qc2 Bd7 17.Ne5 Rac8 18.Rfc1 Nf6 19.Nxd7 Nxd7 20.Bf5 Rc7 21.Qb3 Nb6
22.Bd3 Qd6 23.Rc2 g6 24.Rbc1 Kg7 25.g3 h5 26.a4 Rec8 27.Bf1 Nd7 28.Bg2 Nb6
29.Bf1 Nd7 30.b5 c5 31.dxc5 Nxc5 32.Qb4 b6 33.Bg2 Qe5 34.Qa3 d4 35.exd4 Qxd4
36.Rc4 Qe5 37.h4 Rd8 38.Qc3 Qxc3 39.R1xc3 Rcd7 40.a5 Rd1+ 41.Kh2 R8d2 42.axb6
axb6 43.Rc2 Nd3 44.Rxd2 Rxd2 45.Rd4 f5 46.Bf1 Ne5 47.Rxd2 Nf3+ 48.Kg2 Nxd2
49.Bd3 Kf6 50.f4 Ke6 51.Kf2 Ne4+ 52.Kf3 Nc3 53.Bc4+ Nd5 54.Ke2 Kd6 55.Kd2 Kc5
56.Ba2 Ne7 57.Ke3 Kxb5 58.Kd4 Kc6 59.Ke5 Kd7 60.Kf6 1/2-1/2

[Event "SF FÃ¼rth 1951 e.V. 1-SK NÃ¼rnberg 1911 e.V. 1"]
[Site "?"]
[Date "2012.10.21"]
[Round "2.5"]
[Board "5"]
[White "RoÃŸbach, Knut"]
[Black "Kirbach, Thomas"]
[Result "1-0"]
[WhiteElo "1925"]
[BlackElo "1936"]
[WhiteTeam "SK NÃ¼rnberg 1911 e.V. 1"]
[BlackTeam "SF FÃ¼rth 1951 e.V. 1"]

1.e4 d6 2.Nc3 Nf6 3.f4 g6 4.Nf3 Bg7 5.Be2 c5 6.O-O O-O 7.d3 Nc6 8.Qe1 a6 9.a4
Rb8 10.Nd1 Nb4 11.Qd2 Bh6 12.c3 Nc6 13.Qe1 b5 14.Qh4 Bg7 15.axb5 axb5 16.f5
Ne5 17.Bh6 Nxf3+ 18.Rxf3 Qb6 19.Kh1 Bb7 20.Ne3 c4 21.Rh3 cxd3 22.Bxg7 Kxg7
23.Qh6+ Kg8 24.Ng4 Nh5 25.Rxh5 gxh5 26.f6 1-0

[Event "SF FÃ¼rth 1951 e.V. 1-SK NÃ¼rnberg 1911 e.V. 1"]
[Site "?"]
[Date "2012.10.21"]
[Round "2.6"]
[Board "6"]
[White "Dittmar, Thomas"]
[Black "Leising, Thomas"]
[Result "1-0"]
[WhiteElo "1795"]
[BlackElo "1948"]
[WhiteTeam "SF FÃ¼rth 1951 e.V. 1"]
[BlackTeam "SK NÃ¼rnberg 1911 e.V. 1"]

1.d4 Nf6 2.Nf3 e6 3.c4 d5 4.Nc3 c6 5.e3 Nbd7 6.Qc2 Bd6 7.g4 Nxg4 8.Rg1 Nxh2
9.Nxh2 Bxh2 10.Rxg7 Qf6 11.Rxh7 Rxh7 12.Qxh7 Bd6 13.Bd2 Nf8 14.Qh5 Bd7
15.O-O-O Ng6 16.f4 O-O-O 17.Bd3 Rh8 18.Qe2 Kb8 19.Rf1 Ne7 20.e4 dxc4 21.Bxc4
Qxd4 22.Be3 Qg7 23.Rd1 Nc8 24.e5 Qg3 25.Ne4 1-0

[Event "SF FÃ¼rth 1951 e.V. 1-SK NÃ¼rnberg 1911 e.V. 1"]
[Site "?"]
[Date "2012.10.21"]
[Round "2.7"]
[Board "7"]
[White "Weinmann, Stefan"]
[Black "Kociurzynski, Andre"]
[Result "1/2-1/2"]
[WhiteElo "1920"]
[BlackElo "1949"]
[WhiteTeam "SK NÃ¼rnberg 1911 e.V. 1"]
[BlackTeam "SF FÃ¼rth 1951 e.V. 1"]

1.d4 d5 2.c4 c6 3.Nf3 Nf6 4.Nc3 e6 5.e3 Nbd7 6.cxd5 cxd5 7.Bd3 Be7 8.O-O O-O
9.Ne5 Nxe5 10.dxe5 Nd7 11.f4 f5 12.Nb5 Nc5 13.Be2 Bd7 14.Nd4 a5 1/2-1/2

[Event "SF FÃ¼rth 1951 e.V. 1-SK NÃ¼rnberg 1911 e.V. 1"]
[Site "?"]
[Date "2012.10.21"]
[Round "2.8"]
[Board "8"]
[White "Nickmann, Peter"]
[Black "Augustin, Achim"]
[Result "1/2-1/2"]
[WhiteElo "1821"]
[BlackElo "1869"]
[WhiteTeam "SF FÃ¼rth 1951 e.V. 1"]
[BlackTeam "SK NÃ¼rnberg 1911 e.V. 1"]

1.e4 d5 2.exd5 Qxd5 3.Nc3 Qa5 4.Nf3 Bg4 5.h3 Bh5 6.Bb5+ c6 7.Be2 Nd7 8.b4 Qc7
9.b5 e6 10.bxc6 bxc6 11.Rb1 Ngf6 12.Bb2 Bd6 13.Nh4 Bxe2 14.Qxe2 O-O 15.Ne4 Be7
16.Nxf6+ Bxf6 17.Bxf6 Nxf6 18.O-O Qf4 19.Nf3 Qa4 20.Rb2 Rab8 21.Rfb1 Rxb2
22.Rxb2 Ne4 23.c4 Nd6 24.d3 Rd8 25.Rb3 h6 26.Qb2 Kh7 27.Qa3 Qxa3 28.Rxa3 Nf5
29.Kf1 f6 30.Ke2 Rd7 31.Ra6 Ne7 32.Kd2 Kg8 33.Kc3 Kf7 34.Nd4 Rc7 35.Nb3 e5
36.Ra4 Nf5 37.g3 Ke7 38.Rb4 Kd7 39.Rb8 c5 40.Rb5 Kd6 41.Rb8 1/2-1/2